Intimo: poemas de Mónica Aguirre
Guardat en:
| Autor corporatiu: | |
|---|---|
| Format: | Llibre |
| Idioma: | espanyol |
| Publicat: |
Santiago
Taller Experimental Cuerpos Pintados
2004
|
| Edició: | 1a. ed |
| Col·lecció: | Proyectos Especiales, E5
|
| Matèries: | |
| Etiquetes: |
Afegir etiqueta
Sense etiquetes, Sigues el primer a etiquetar aquest registre!
|
MARC
| LEADER | 00000cam a2200000 a 4500 | ||
|---|---|---|---|
| 001 | UCF2772 | ||
| 003 | CL-VaPUC | ||
| 008 | 120910e20040000CL |||||||||||||||||spa|d | ||
| 020 | |a 956295174X | ||
| 082 | 0 | 4 | |a Ch861 |b TAL |2 21 |
| 110 | 2 | |a Taller Experimental Cuerpos Pintados |e author |9 564572 | |
| 245 | 1 | 0 | |a Intimo: poemas de Mónica Aguirre |
| 250 | |a 1a. ed | ||
| 300 | |a 127 p | ||
| 942 | |c BK | ||
| 945 | |d 20120910 00:00:00 |a dcastane | ||
| 260 | |a Santiago |b Taller Experimental Cuerpos Pintados |c 2004 | ||
| 500 | |a Fotografías de Roberto Edwards | ||
| 650 | 0 | |a Poesías chilenas |9 265280 | |
| 650 | 0 | |a Fotografía |9 268495 | |
| 650 | 0 | |a Fotografía artística |9 269391 | |
| 650 | 7 | |a FOTOGRAFIA DE PERSONAS |2 CL-VaPUC |9 564573 | |
| 583 | |a last modification |c 20120910 11:39:00 |k Rodrigo Vera | ||
| 490 | 0 | |a Proyectos Especiales, E5 | |
| 999 | |c 349311 |d 349309 | ||
| 952 | |0 0 |1 0 |2 ddc |4 0 |6 CH_861_000000000000000_TAL_2004 |7 0 |8 X |9 451887 |a BIBART |b BIBART |d 2019-11-22 |i 4896181 |o Ch861 TAL 2004 |p 4896181 |r 2025-03-13 |w 2019-11-22 |y BK_X |k ART | ||